MicroSim, PSpice : analisis de circuitos por computadora
Сохранить в:
| Главный автор: | |
|---|---|
| Формат: | |
| Язык: | Spanish |
| Опубликовано: |
México : Alfaomega
, c1995
|
| Предметы: | |
| Метки: |
Добавить метку
Нет меток, Требуется 1-ая метка записи!
|
MARC
| LEADER | 00000nam a2200000Ia 4500 | ||
|---|---|---|---|
| 003 | 000104 | ||
| 005 | 20221231144019.0 | ||
| 008 | 140114s1995 mx a 000 ||spa d | ||
| 040 | |c cru CEDI | ||
| 082 | |a 621.381.502.85 B142m | ||
| 100 | |a Báez López, David |9 19309 | ||
| 245 | |a MicroSim, PSpice : analisis de circuitos por computadora | ||
| 260 | |a México : Alfaomega |c , c1995 | ||
| 300 | |a 211 páginas: ilustraciones | ||
| 500 | |a Datos tomado de la cubierta :Edición actualizada a la versión 6.1 | ||
| 650 | |x CIRCUITOS ELECTRICOS |x DISEÑO |x PROCESAMIENTO DE DATOS |x METODOS DE SIMULACION |x CIRCUITOS INTEGRADOS |x PROGRAMAS PARA COMPUTADORA |x PSPICE |x SIMULACION POR COMPUTADORAS DIGITALES |9 19310 | ||
| 942 | |2 ddc | ||
| 999 | |c 15622 |d 15622 | ||
